00986nam a2200217 a 4500001001000000005001700010008004100027041000800068044000700076050002600083100002300109245028600132260003400418300001700452500011100469500003800580500000900618600005000627600003200677651005900709BRCA_405120190320204528.0150210s1868----fr-#######---#000-0#fre-# afre afr 4aF1233.M4b.D66 1 18681 aDomenech, Emmanuel10aHistoire du Mexique, Juarez et Maximilienbcorrespondances inédites des présidents, ministres et généraux Almonte, Santa-Anna, Gutierrez, Miramon, Marquez, Mejia, Woll, etc., etc., de Juarez de l´Empereur Maximilien et de l´Impératrice Charlottecpar Emmanuel Domenech. aParísbInternationalec1868 a3 v.c24 cm. aEstado físico: encuadernación rota y costura rota que provoca la separación de las hojas en los 3 v. aVer también C140 (2 t. en 1 v.) aC12714aMaximilianocEmperador de Méxicod1832-186714aJuárez, Benitod1806-1872 4aMéxicoxHistoriayIntervención francesa, 1861-1867